000 00737cam a2200205 a 4500
020 _a0803982844
020 _a0803982852 (pbk.)
040 _cDLC
082 0 0 _a362 SAG 1990 A075 Or.
245 0 0 _aResearching social gerontology :
_bconcepts, methods, and issues /
260 _aLondon ;
_aNewbury Park, Calif. :
_bSage Publications in association with the British Society of Gerontology,
_c1990.
300 _axi, 226 p. ;
_c24 cm.
650 0 _aGerontology
650 0 _aOlder people
700 1 _aPeace, Sheila M.
710 2 _aBritish Society of Gerontology.
856 4 2 _uhttp://www.loc.gov/catdir/enhancements/fy0656/90061929-d.html
856 4 1 _uhttp://www.loc.gov/catdir/enhancements/fy0656/90061929-t.html
942 _cEK
999 _c15353
_d15353